000 00826nam a2200265Ia 4500
003 OSt
005 20220918170305.0
006 a|||||r|||| 00| 0
007 ta
008 220917b |||||||| |||| 00| 0 eng d
020 _a9780195096613 (pbk)
_c1935.97
024 _a239,725
037 _b04922, 18/09/2009, Atlantic Publisher & Dist.Pvt.Ltd.
_cTextual
040 _aARTS
_cARTS
_beng
041 _2eng
_aeng
082 _aW94, N6
100 _aEley Geotf Ed.
_928149
245 0 _aBecoming national
_b A reader
260 _aNew York
_bOUP USA
_c1996
300 _avi,518p.
_ccm.
650 _aPOLITICAL SCIENCE
700 _a Suny Grigor Ed.
_928150
942 _hW94, N6
_cTEXL
_2CC
999 _c133453
_d133453